000
00266nam a22001217a 4500
008
170719b xxu||||| |||| 00| 0 eng d
041
_a
eng
080
_a
2
100
_a
24
101
_a
TEO
245
_a
THE STORY OF CHRISTIANITY
_c
GONZALES, J.L
942
_2
udc
_c
BK
999
_c
21531
_d
21531